Statistics for Florida Area Codes Quiz

Click here to take the quiz!

General Stats

  • This quiz has been taken 35 times
  • The average score is 11 of 17

Answer Stats

LocationAnswer% Correct
Miami and the Florida Keys305
88%
Tampa813
79%
Jacksonville904
79%
Orlando, Kissimmee321
71%
Daytona Beach, Lake City386
71%
Orlando, Kissimmee407
71%
St. Petersburg, Clearwater727
67%
South Central Florida (Lakeland)863
67%
Sarasota, Port Charlotte941
67%
Miami and the Florida Keys786
63%
Florida Panhandle850
63%
Fort Lauderdale954
63%
Gainesville, Ocala352
58%
Boca Raton, West Palm Beach561
58%
Melbourne, Palm Bay772
58%
Fort Lauderdale754
54%
Fort Myers, Naples239
46%

Score Distribution

Percentile by Number Answered

Percent of People with Each Score

Your Score History

You have not taken this quiz